[Event "Montigny le Bretonneux op 19th"]
[Site "Montigny le Bretonneux"]
[Date "2021.10.27"]
[Round "5"]
[White "Marival, Fred"]
[Black "Carbonnet, Christophe"]
[Result "0-1"]
[WhiteElo "1420"]
[BlackElo "1744"]
[PlyCount "88"]
[EventDate "2021.10.23"]
[EventType "swiss"]
[EventRounds "7"]
[EventCountry "FRA"]
[SourceTitle "CBM 204 Extra"]
[Source "ChessBase"]
[SourceDate "2021.11.30"]
[SourceVersion "1"]
[SourceVersionDate "2021.11.30"]
[SourceQuality "1"]

1. e4 c5 2. Nf3 d6 3. d4 cxd4 4. Nxd4 Nf6 5. Nc3 Nc6 6. Bc4 e6 7. Bb3 Be7 8. Be3 0-0 9. f3 a6 10. Qd2 Na5 11. g4 Nd7 12. Bxe6 fxe6 13. Nxe6 Nc4 14. Qd4 Bh4+ 15. Ke2 Qf6 16. Nxf8 Nde5 17. Raf1 Kxf8 18. h3 Nxe3 19. Kxe3 Be6 20. b3 Rc8 21. f4 Nxg4+ 22. hxg4 Rxc3+ 23. Qd3 Rxd3+ 24. cxd3 Qd8 25. g5 Bg3 26. Rxh7 Qb6+ 27. Kf3 Qd4 28. Kxg3 Qxd3+ 29. Rf3 Qxe4 30. Rh8+ Kf7 31. Rh2 Bf5 32. Rhf2 d5 33. Rc3 d4 34. Rc7+ Kg6 35. Rc4 Qe3+ 36. Rf3 Qe1+ 37. Kh2 Qe2+ 38. Kg3 Qe1+ 39. Kh2 d3 40. Rd4 d2 41. Rd6+ Kf7 42. g6+ Ke7 43. Rd5 d1Q 44. Re5+ Qxe5 0-1

[Event "Montigny le Bretonneux op 19th"]
[Site "Montigny le Bretonneux"]
[Date "2021.10.24"]
[Round "2"]
[White "Carbonnet, Christophe"]
[Black "Weil, Simon"]
[Result "1-0"]
[WhiteElo "1744"]
[BlackElo "1199"]
[PlyCount "135"]
[EventDate "2021.10.23"]
[EventType "swiss"]
[EventRounds "7"]
[EventCountry "FRA"]
[SourceTitle "CBM 204 Extra"]
[Source "ChessBase"]
[SourceDate "2021.11.30"]
[SourceVersion "1"]
[SourceVersionDate "2021.11.30"]
[SourceQuality "1"]

1. d4 d5 2. Nf3 Nf6 3. c4 c6 4. Qc2 dxc4 5. e4 b5 6. b3 cxb3 7. axb3 Bg4 8. Nbd2 e6 9. Bd3 Bb4 10. 0-0 Bxd2 11. Bxd2 Bxf3 12. gxf3 Qxd4 13. Be3 Qd7 14. Rfd1 Qb7 15. Rdc1 h5 16. Qc5 Nbd7 17. Qxc6 Qxc6 18. Rxc6 Ne5 19. Bxb5 0-0 20. Rca6 Rab8 21. Ba4 Nxf3+ 22. Kg2 Nh4+ 23. Kg3 Ng6 24. f3 Rbc8 25. Rd1 Rc3 26. Kf2 Ne5 27. Ke2 Rfc8 28. Rxa7 Rc2+ 29. Rd2 Rxd2+ 30. Bxd2 Rc2 31. Ra8+ Kh7 32. Rd8 Nc6 33. Bxc6 Rxc6 34. h4 Rc7 35. b4 Rb7 36. Kd3 Rd7+ 37. Rxd7 Nxd7 38. Bc3 Kh6 39. Bd2+ Kg6 40. Bc3 e5 41. b5 f5 42. Ba5 Kf6 43. Kc4 g5 44. Bd8+ Kf7 45. Bxg5 Ke6 46. exf5+ Kxf5 47. Kd5 Nb6+ 48. Kc6 Nc4 49. b6 Ke6 50. b7 Na5+ 51. Kc7 Nxb7 52. Kxb7 Kd7 53. Kb6 Kd6 54. Kb5 Kd5 55. Be3 e4 56. fxe4+ Kxe4 57. Bg5 Kd5 58. Bd8 Kd6 59. Kc4 Kd7 60. Bg5 Ke6 61. Kd4 Kf5 62. Kd5 Kg6 63. Ke6 Kg7 64. Kf5 Kh7 65. Kf6 Kh8 66. Kg6 Kg8 67. Kxh5 Kh7 68. Bf6 1-0

[Event "Montigny le Bretonneux op 19th"]
[Site "Montigny le Bretonneux"]
[Date "2021.10.23"]
[Round "1"]
[White "Cogez, Celine"]
[Black "Carbonnet, Christophe"]
[Result "1-0"]
[WhiteElo "1320"]
[BlackElo "1744"]
[PlyCount "77"]
[EventDate "2021.10.23"]
[EventType "swiss"]
[EventRounds "7"]
[EventCountry "FRA"]
[SourceTitle "CBM 204 Extra"]
[Source "ChessBase"]
[SourceDate "2021.11.30"]
[SourceVersion "1"]
[SourceVersionDate "2021.11.30"]
[SourceQuality "1"]

1. e4 c5 2. c3 e6 3. d4 d5 4. exd5 exd5 5. Nf3 Nc6 6. Be2 Bd6 7. Be3 c4 8. 0-0 Nf6 9. Nbd2 0-0 10. h3 Be6 11. Qc2 b5 12. b3 h6 13. bxc4 bxc4 14. Rab1 Qd7 15. Qc1 Bf5 16. Ra1 Rab8 17. Bd1 Rb7 18. Ba4 Qc7 19. Bxc6 Qxc6 20. Ne5 Qc7 21. Ndf3 Rfb8 22. Bxh6 gxh6 23. Qxh6 Bxe5 24. Qg5+ Bg6 25. Nxe5 Nh7 26. Qg4 Qc8 27. Qg3 Qf5 28. Rfe1 Rb6 29. Nc6 R8b7 30. Ne7+ Rxe7 31. Rxe7 Rb1+ 32. Rxb1 Qxb1+ 33. Kh2 Qxa2 34. Re8+ Kg7 35. Qe5+ f6 36. Qc7+ Kh6 37. Qf4+ Kg7 38. Re7+ Kf8 39. Qd6 1-0

[Event "FRA-chT2 North 0607"]
[Site "France"]
[Date "2007.03.18"]
[Round "9.6"]
[White "Frih, Ameur"]
[Black "Carbonnet, Christophe"]
[Result "1-0"]
[WhiteElo "2144"]
[BlackElo "1920"]
[PlyCount "45"]
[EventDate "2006.10.15"]
[EventType "team-tourn"]
[EventRounds "11"]
[EventCountry "FRA"]
[SourceTitle "EXT 2008"]
[Source "ChessBase"]
[SourceDate "2007.11.25"]
[SourceVersion "1"]
[SourceVersionDate "2007.11.25"]
[SourceQuality "1"]
[WhiteTeam "Bois Colombes II"]
[BlackTeam "Arcueil"]
[WhiteTeamCountry "FRA"]
[BlackTeamCountry "FRA"]

1. e4 e6 2. d4 d5 3. Nc3 Bb4 4. e5 c5 5. Bd2 Ne7 6. Nf3 Nbc6 7. Nb5 Bxd2+ 8. Qxd2 0-0 9. dxc5 f6 10. exf6 Rxf6 11. c4 a6 12. Nd6 a5 13. Bd3 b6 14. Nxc8 Rxc8 15. cxb6 Qxb6 16. 0-0 Nb4 17. cxd5 exd5 18. Rae1 Nec6 19. Bb1 d4 20. a3 Nd5 21. Ng5 g6 22. Ba2 Nce7 23. Rxe7 1-0